| 000 | 00384nam a22001457a 4500 | ||
|---|---|---|---|
| 005 | 20251007152259.0 | ||
| 008 | 250930b |||||||| |||| 00| 0 eng d | ||
| 020 | _a978-93-48189-40-0 | ||
| 041 | _aeng | ||
| 100 |
_aCHATURVEDI, YATINDRA NATH _98711 |
||
| 245 | _aPRASHASNIK MANAK TAKNIKI SHABDAWALI | ||
| 260 |
_aUTTAR PRADESH _bAKSHAR PLANT _c2024 |
||
| 300 | _a360;P | ||
| 942 | _cBK | ||
| 999 |
_c8865 _d8863 |
||